000
00316nam a2200133Ia 4500
005
20251222143254.0
008
251222s9999||||xx |||||||||||||| ||spa||
020
_a
84-8280-725-0
082
_a
818.37/S82
100
_a
Stowe, H. Beecher
245
0
_a
La Cabaña del Tío Tom
264
_b
Oveja Negra
942
_c
LIB
999
_c
15075
_d
15075